000 00978nam a22002417a 4500
005 20180305102027.0
010 _a1516EN07 ENG-114535
020 _a9788122314755
_c250.00
035 _aEN-98067
035 _aB-605411-439
035 _aB-664954
037 _bUppal/ Ven
_aDPL
037 _bDBAD/PUB
082 _a230.64
100 _aBhalla, Prem P.
245 _aHindu rites, rituals, customs and traditions :
_bA to Z on the Hindu way of life /
_cby Prem P. Bhalla
260 _a New Delhi
_bPustak Mahal
_c2015
270 _aJ-3/16, Daryaganj ,
_bNew Delhi
_e110002
300 _a326p. :
_c25cm(pbk)
_bill.
942 _2ddc
_cEN
_mBHA
_h230.64
999 _c96056
_d96056